[Event "Continental Class"]
[Site "Arlington USA"]
[Date "2013.10.12"]
[Round "5.15"]
[White "Gedajlovic, Max"]
[Black "Strenzwilk, Denis"]
[Result "1-0"]
[WhiteElo "1934"]
[BlackElo "1956"]
[PlyCount "81"]
[EventDate "2013.10.09"]
[EventType "swiss"]
[EventRounds "9"]
[EventCountry "USA"]
[Source "Mark Crowther"]
[SourceDate "2013.10.14"]

1. d4 d5 2. c4 Bf5 3. Nc3 e6 4. Nf3 c6 5. cxd5 exd5 6. Bf4 Nf6 7. e3 Nbd7 8.
Bd3 Bg6 9. O-O Be7 10. Rb1 a5 11. Ne5 O-O 12. Nxg6 hxg6 13. Bg5 Re8 14. f3 Nf8
15. Qc2 Ne6 16. Bh4 Nh5 17. Bxe7 Qxe7 18. Qf2 g5 19. g3 g6 20. Rbd1 Qf6 21. Bb1
Qg7 22. e4 Nf6 23. e5 Nh5 24. f4 g4 25. f5 Ng5 26. Qc2 Nf3+ 27. Rxf3 gxf3 28.
Rf1 gxf5 29. Rxf3 Qg6 30. Qf2 Ng7 31. Nd1 Qg4 32. h3 Qxh3 33. Ne3 Re6 34. g4
Qh6 35. gxf5 Nxf5 36. Bxf5 Kf8 37. Bxe6 Qxe6 38. Rf6 Qh3 39. Rxf7+ Kg8 40. Rf3
Qd7 41. Rg3+ 1-0

[Event "Continental Class"]
[Site "Arlington USA"]
[Date "2013.10.12"]
[Round "6"]
[White "Nieto, Manuel Valerio Wald"]
[Black "Gedajlovic, Max"]
[Result "1-0"]
[WhiteElo "2014"]
[BlackElo "1934"]
[PlyCount "77"]
[EventDate "2013.10.09"]
[EventType "swiss"]
[EventRounds "9"]
[EventCountry "USA"]
[Source "ChessBase"]
[SourceDate "2013.10.22"]

1. Nf3 Nf6 2. c4 g6 3. Nc3 Bg7 4. d4 O-O 5. Bf4 d6 6. e3 Nbd7 7. h3 c6 8. Be2
a6 9. a4 a5 10. O-O Nb8 11. e4 Na6 12. Qd2 Re8 13. Rad1 Qb6 14. Rfe1 Nd7 15.
Be3 Qc7 16. Nh2 Nb4 17. f4 b6 18. Rf1 Ba6 19. f5 c5 20. Ng4 cxd4 21. Bxd4 Ne5
22. fxg6 fxg6 23. Bxe5 Bxe5 24. Nxe5 dxe5 25. b3 Rad8 26. Qg5 Bb7 27. Bg4 Bc8
28. Bxc8 Rxc8 29. Nd5 Qc5+ 30. Kh1 Nc6 31. h4 Nd4 32. Qxe5 Nxb3 33. Qe6+ Kh8
34. Qe5+ Kg8 35. Qe6+ Kh8 36. Rf7 Rc6 37. Qe5+ Rf6 38. Rxe7 Ref8 39. Nxf6 1-0

[Event "Continental Class"]
[Site "Arlington USA"]
[Date "2013.10.13"]
[Round "8.15"]
[White "Gedajlovic, Max"]
[Black "Khan, Shamim"]
[Result "1-0"]
[WhiteElo "1934"]
[BlackElo "1943"]
[PlyCount "50"]
[EventDate "2013.10.09"]
[EventType "swiss"]
[EventRounds "9"]
[EventCountry "USA"]
[Source "Mark Crowther"]
[SourceDate "2013.10.21"]

1. d4 Nf6 2. c4 c5 3. d5 b5 4. cxb5 a6 5. bxa6 Bxa6 6. Nc3 g6 7. e4 Bxf1 8.
Kxf1 d6 9. g3 Bg7 10. Kg2 O-O 11. h3 Nbd7 12. Nge2 Qa5 13. Be3 Rfb8 14. Qc2 Qb4
15. Rab1 Ne5 16. b3 Ne8 17. a4 Nc7 18. Bg5 Re8 19. Bd2 Qb7 20. Rhe1 e6 21. Bf4
Rad8 22. Qd2 exd5 23. Nxd5 Ne6 24. f3 Rc8 25. Qd1 Rf8 1-0

[Event "Continental Class"]
[Site "Arlington USA"]
[Date "2013.10.14"]
[Round "9"]
[White "Hetzer, Volkhard"]
[Black "Gedajlovic, Max"]
[Result "1-0"]
[WhiteElo "2022"]
[BlackElo "1934"]
[PlyCount "93"]
[EventDate "2013.10.09"]
[EventType "swiss"]
[EventRounds "9"]
[EventCountry "USA"]
[Source "ChessBase"]
[SourceDate "2013.10.22"]

1. Nf3 Nf6 2. c4 g6 3. Nc3 Bg7 4. g3 O-O 5. Bg2 d6 6. O-O e5 7. d3 Nbd7 8. Rb1
a5 9. a3 Nh5 10. b4 axb4 11. axb4 f5 12. Qb3 Kh8 13. Bb2 Ndf6 14. Nd2 Bh6 15.
Qc2 Bd7 16. Bxb7 Rb8 17. Bg2 Ng4 18. b5 f4 19. Nd5 c6 20. bxc6 Bxc6 21. Bf3
fxg3 22. hxg3 Qd7 23. Ne4 Nxf2 24. Kxf2 Qa7+ 25. Kg2 Ba4 26. Ra1 Bxc2 27. Rxa7
Rxb2 28. Bxh5 Bxd3 29. Rxf8+ Bxf8 30. Bf3 Bxe4 31. Bxe4 Rxe2+ 32. Kf3 Re1 33.
Bd3 Rh1 34. Nf6 Rh2 35. g4 d5 36. cxd5 Bc5 37. Ra8+ Kg7 38. Ne4 Bb6 39. d6 Rh3+
40. Ke2 Rh4 41. g5 h6 42. Rb8 Ba5 43. Rb5 Bd8 44. Rb7+ Kf8 45. Rb8 hxg5 46.
Rxd8+ Kf7 47. Bc4+ 1-0

[Event "Quebec op"]
[Site "Montreal CAN"]
[Date "2013.07.21"]
[Round "1"]
[White "Boudreau, Daniel"]
[Black "Gedajlovic, Max"]
[Result "1-0"]
[WhiteElo "2058"]
[BlackElo "1875"]
[PlyCount "37"]
[EventDate "2013.07.21"]
[EventType "swiss"]
[EventRounds "9"]
[EventCountry "CAN"]

1. e4 c5 2. Nf3 d6 3. Bb5+ Bd7 4. Bxd7+ Qxd7 5. O-O Nc6 6. c3 e6 7. d4 cxd4 8.
cxd4 Nf6 9. Nc3 Be7 10. Qe2 O-O 11. Rd1 d5 12. e5 Ne8 13. Bg5 Bb4 14. Rd3 f6
15. exf6 Nxf6 16. Ne5 Nxe5 17. dxe5 Bxc3 18. bxc3 Ne4 19. Qxe4 1-0

[Event "Quebec op"]
[Site "Montreal CAN"]
[Date "2013.07.21"]
[Round "2"]
[White "Gedajlovic, Max"]
[Black "Palsson, Halldor"]
[Result "1/2-1/2"]
[WhiteElo "1875"]
[BlackElo "2074"]
[PlyCount "78"]
[EventDate "2013.07.21"]
[EventType "swiss"]
[EventRounds "9"]
[EventCountry "CAN"]

1. d4 d5 2. c4 e6 3. Nc3 c6 4. Nf3 dxc4 5. a4 Bb4 6. e3 b5 7. Bd2 Bb7 8. axb5
Bxc3 9. Bxc3 cxb5 10. b3 a5 11. bxc4 b4 12. Bb2 Nf6 13. Bd3 Nbd7 14. Bc2 Qc7
15. c5 O-O 16. O-O Rfd8 17. Nd2 e5 18. Ba4 Ba6 19. Re1 exd4 20. exd4 Nd5 21.
Ne4 Nf4 22. Bc2 Bb7 23. Qg4 g6 24. Nd6 Nd5 25. Bb3 N7f6 26. Qg5 Bc6 27. Re5
Rxd6 28. cxd6 Qxd6 29. Qg3 Qd7 30. Bd1 a4 31. Bc1 Qb7 32. Qg5 b3 33. Bb2 Nd7
34. Re1 N7b6 35. Be2 Nd7 36. Rec1 N7f6 37. Bf3 Ra6 38. Rc5 Qa8 39. Ra3 Nd7
1/2-1/2

[Event "Quebec op"]
[Site "Montreal CAN"]
[Date "2013.07.23"]
[Round "4"]
[White "Gedajlovic, Max"]
[Black "Padjen, Zdenko"]
[Result "1/2-1/2"]
[WhiteElo "1875"]
[BlackElo "2030"]
[PlyCount "32"]
[EventDate "2013.07.21"]
[EventType "swiss"]
[EventRounds "9"]
[EventCountry "CAN"]

1. d4 f5 2. Bg5 h6 3. Bh4 g5 4. e4 Rh7 5. Qh5+ Rf7 6. Nf3 Nf6 7. Qg6 e6 8. Bxg5
hxg5 9. Nxg5 Qe7 10. Nxf7 Qxf7 11. Qxf7+ Kxf7 12. exf5 exf5 13. Bd3 d5 14. Nd2
Nc6 15. c3 Bd7 16. O-O-O Ng4 1/2-1/2

[Event "Quebec op"]
[Site "Montreal CAN"]
[Date "2013.07.24"]
[Round "5"]
[White "Wen, Jean-Francois"]
[Black "Gedajlovic, Max"]
[Result "0-1"]
[WhiteElo "2227"]
[BlackElo "1875"]
[PlyCount "66"]
[EventDate "2013.07.21"]
[EventType "swiss"]
[EventRounds "9"]
[EventCountry "CAN"]

1. Nf3 Nf6 2. c4 g6 3. g3 Bg7 4. Bg2 O-O 5. O-O d6 6. d4 Nbd7 7. Nc3 e5 8. e4
exd4 9. Nxd4 Re8 10. h3 a6 11. Rb1 Rb8 12. Re1 Ne5 13. b3 c5 14. Nde2 b5 15. f4
Ned7 16. cxb5 axb5 17. Qxd6 b4 18. Na4 Nxe4 19. Qd3 Nc3 20. Naxc3 bxc3 21. Kf1
Rb6 22. Bd5 Nf6 23. Nxc3 Bxh3+ 24. Kf2 Ng4+ 25. Kf3 Nh2+ 26. Kf2 Bd4+ 27. Be3
Ng4+ 28. Kf3 Nxe3 29. Rxe3 Rxe3+ 30. Qxe3 Bxe3 31. Kxe3 Qe7+ 32. Kf3 Bf5 33.
Kf2 Bxb1 0-1

[Event "CAN-op"]
[Site "Ottawa CAN"]
[Date "2013.07.13"]
[Round "1"]
[White "Gedajlovic, Max"]
[Black "Chirila, Ioan Christian"]
[Result "0-1"]
[WhiteElo "2519"]
[BlackElo "2519"]
[PlyCount "76"]
[EventDate "2013.07.13"]
[EventType "swiss"]
[EventRounds "9"]
[EventCountry "CAN"]

1. d4 Nf6 2. c4 c5 3. d5 e6 4. Nc3 exd5 5. cxd5 d6 6. e4 g6 7. f4 Bg7 8. Bb5+
Nfd7 9. a4 O-O 10. Nf3 Na6 11. O-O Nb4 12. Re1 a6 13. Bf1 Re8 14. h3 f5 15.
exf5 gxf5 16. Na2 Rxe1 17. Nxe1 a5 18. Nc3 Nb6 19. Nf3 Bd7 20. Kh2 Qe8 21. Nb5
Qe7 22. Ra3 N4xd5 23. Rd3 Bc6 24. Nc3 Nxc3 25. bxc3 Bxa4 26. Qd2 d5 27. Re3 Qd6
28. g3 Bc6 29. Ng5 Re8 30. Rxe8+ Bxe8 31. Qe3 Bd7 32. Ba3 Na4 33. c4 d4 34. Qb3
b6 35. Bg2 Nc3 36. Bb2 Ba4 37. Qa3 Bc6 38. Bf1 h6 0-1

[Event "CYCC U12"]
[Site "Ottawa CAN"]
[Date "2013.07.10"]
[Round "1"]
[White "Boushy, Declan Paul"]
[Black "Gedajlovic, Max"]
[Result "0-1"]
[WhiteElo "1029"]
[BlackElo "1875"]
[PlyCount "88"]
[EventDate "2013.07.10"]
[EventType "swiss"]
[EventRounds "6"]
[EventCountry "CAN"]

1. d4 Nf6 2. e3 g6 3. Nf3 Bg7 4. b3 O-O 5. Bd3 d5 6. Bb2 Nbd7 7. Nbd2 c5 8. O-O
b6 9. Ne5 Bb7 10. f4 Re8 11. c4 dxc4 12. bxc4 Nxe5 13. fxe5 Nd7 14. Be4 Bxe4
15. Nxe4 cxd4 16. Bxd4 Nxe5 17. c5 bxc5 18. Bxc5 Nd3 19. Rb1 Nxc5 20. Qxd8
Raxd8 21. Ng5 Bf6 22. Nf3 Rb8 23. Rxb8 Rxb8 24. Nd4 Bxd4 25. exd4 Ne6 26. d5
Nc7 27. Rd1 Rd8 28. a4 Nxd5 29. Rxd5 Rxd5 30. h3 Ra5 31. h4 Rxa4 32. Kf2 Rb4
33. g4 a5 34. h5 a4 35. hxg6 hxg6 36. Ke2 a3 37. Kd2 a2 38. Kc3 Rb6 39. g5
a1=Q+ 40. Kc4 Qa2+ 41. Kd4 Rb4+ 42. Ke3 Qa3+ 43. Kd2 Rb2+ 44. Kc1 Qa1# 0-1

[Event "CYCC U12"]
[Site "Ottawa CAN"]
[Date "2013.07.10"]
[Round "2"]
[White "Gedajlovic, Max"]
[Black "Chen, Samuel"]
[Result "1-0"]
[WhiteElo "1875"]
[BlackElo "1339"]
[PlyCount "67"]
[EventDate "2013.07.10"]
[EventType "swiss"]
[EventRounds "6"]
[EventCountry "CAN"]

1. d4 d5 2. c4 e6 3. Nc3 Nf6 4. cxd5 exd5 5. Bg5 Be7 6. Qc2 h6 7. Bh4 O-O 8. e3
b6 9. Bd3 Bb7 10. Nge2 Ne4 11. Bxe7 Qxe7 12. O-O Nd7 13. h3 Ndf6 14. Rae1 Rac8
15. f3 Nxc3 16. Nxc3 Qd7 17. Bf5 Qd6 18. Bxc8 Rxc8 19. Qf2 Ba6 20. Ne2 Qb4 21.
b3 c5 22. Rc1 Re8 23. dxc5 bxc5 24. Rfd1 d4 25. e4 d3 26. Nf4 Rd8 27. Qxc5
Qxc5+ 28. Rxc5 d2 29. Nd5 Nxd5 30. Rxd5 Rc8 31. R1xd2 Rc1+ 32. Kh2 Bb7 33. Rd7
Bc6 34. Rxa7 1-0

[Event "CYCC U12"]
[Site "Ottawa CAN"]
[Date "2013.07.11"]
[Round "3"]
[White "Johnson-Constantin, Matthieu"]
[Black "Gedajlovic, Max"]
[Result "0-1"]
[WhiteElo "1611"]
[BlackElo "1875"]
[PlyCount "86"]
[EventDate "2013.07.10"]
[EventType "swiss"]
[EventRounds "6"]
[EventCountry "CAN"]

1. e4 c5 2. Nf3 d6 3. d4 cxd4 4. Nxd4 Nf6 5. Nc3 g6 6. Be2 Bg7 7. Be3 O-O 8.
O-O Nc6 9. Nb3 Be6 10. f4 Qc8 11. Kh1 Rd8 12. Bf3 Bc4 13. Rf2 Rb8 14. Rd2 b5
15. Rb1 Nd7 16. Nd4 Nxd4 17. Bxd4 Bxd4 18. Rxd4 b4 19. Nd5 Bxd5 20. exd5 Nf6
21. Qd2 a5 22. Re1 Rb7 23. h3 Rc7 24. Re2 h5 25. Kh2 Qf5 26. Qd3 Qxd3 27. Rxd3
Rdc8 28. Rdd2 Kf8 29. g3 Rc4 30. Kg2 a4 31. Kf2 h4 32. Kg2 hxg3 33. Kxg3 a3 34.
b3 Rc3 35. Kf2 R8c5 36. Rd4 Rxc2 37. Rxb4 Rxe2+ 38. Bxe2 Rc2 39. Rb8+ Kg7 40.
Kf3 Nxd5 41. Bc4 Nc3 42. Rb7 Kf6 43. b4 Nxa2 0-1

[Event "CYCC U12"]
[Site "Ottawa CAN"]
[Date "2013.07.11"]
[Round "4"]
[White "Wan, Kevin"]
[Black "Gedajlovic, Max"]
[Result "1/2-1/2"]
[WhiteElo "2148"]
[BlackElo "1875"]
[PlyCount "74"]
[EventDate "2013.07.10"]
[EventType "swiss"]
[EventRounds "6"]
[EventCountry "CAN"]

1. d4 d5 2. c4 c6 3. Nf3 Nf6 4. Nc3 e6 5. e3 Nbd7 6. Qc2 Bd6 7. Bd3 O-O 8. O-O
dxc4 9. Bxc4 c5 10. dxc5 Bxc5 11. Rd1 a6 12. b3 b5 13. Bd3 Bb7 14. Ne4 Bxe4 15.
Bxe4 Nxe4 16. Qxe4 Nf6 17. Qc2 Qe7 18. Bb2 Rac8 19. Rac1 Qb7 20. Qd3 Be7 21.
Ne5 Rfd8 22. Qe2 Rxc1 23. Rxc1 Rc8 24. Rd1 h6 25. h3 Qe4 26. Nd3 Nd5 27. Bd4
Bf6 28. Bxf6 Nxf6 29. f3 Qc6 30. Rc1 Qd7 31. Rxc8+ Qxc8 32. Qd2 Nd5 33. Kf2 Qc3
34. Qxc3 Nxc3 35. Nc1 Nd5 36. e4 Nc7 37. Ke3 e5 1/2-1/2

[Event "CYCC U12"]
[Site "Ottawa CAN"]
[Date "2013.07.12"]
[Round "5"]
[White "Gedajlovic, Max"]
[Black "Zotkin, Daniel"]
[Result "0-1"]
[WhiteElo "1875"]
[BlackElo "1942"]
[PlyCount "58"]
[EventDate "2013.07.10"]
[EventType "swiss"]
[EventRounds "6"]
[EventCountry "CAN"]

1. d4 d5 2. c4 e6 3. Nc3 Nf6 4. cxd5 exd5 5. Bg5 Nbd7 6. e3 c6 7. Qc2 h6 8. Bh4
Be7 9. Bd3 O-O 10. Nge2 b6 11. O-O Bb7 12. f3 c5 13. Rad1 Re8 14. Bf2 Bd6 15.
Ng3 Bxg3 16. hxg3 a6 17. Rfe1 Qc7 18. Bf5 Nf8 19. e4 dxe4 20. fxe4 g6 21. e5
gxf5 22. exf6 cxd4 23. Bxd4 Qxg3 24. Qf2 Qg4 25. Bxb6 Ng6 26. Nd5 Bxd5 27.
Rxe8+ Rxe8 28. Rxd5 Nf4 29. Qd2 Re1+ 0-1

[Event "CYCC U12"]
[Site "Ottawa CAN"]
[Date "2013.07.12"]
[Round "6"]
[White "Zhao, Yue Tong (Davy)"]
[Black "Gedajlovic, Max"]
[Result "1-0"]
[WhiteElo "1873"]
[BlackElo "1875"]
[PlyCount "139"]
[EventDate "2013.07.10"]
[EventType "swiss"]
[EventRounds "6"]
[EventCountry "CAN"]

1. e4 c5 2. Nc3 Nc6 3. Bb5 g6 4. Bxc6 dxc6 5. f4 Bg7 6. Nf3 Nf6 7. d3 O-O 8.
O-O Qc7 9. Qe1 b6 10. e5 Nd5 11. Ne4 Ba6 12. c4 Nb4 13. Qc3 Bb7 14. d4 Na6 15.
dxc5 Rfd8 16. cxb6 axb6 17. c5 b5 18. Be3 Qb8 19. Rfd1 Rxd1+ 20. Rxd1 Nc7 21.
a3 Nd5 22. Qe1 Bc8 23. Nc3 Be6 24. Nd4 Nxc3 25. Qxc3 Bd5 26. Nc2 e6 27. Nb4 Qc8
28. Nxd5 exd5 29. Bd4 Qe6 30. Ra1 Qg4 31. Qd2 Bh6 32. g3 g5 33. Be3 gxf4 34.
Bxf4 Bxf4 35. Qxf4 Qxf4 36. gxf4 b4 37. a4 Ra5 38. Kf2 Rxc5 39. a5 Rb5 40. a6
Rb8 41. Rc1 Rb6 42. Ra1 Rb8 43. a7 Ra8 44. Ke3 c5 45. Ra5 Kf8 46. Rxc5 Rxa7 47.
Rxd5 Rb7 48. Kd4 Kg7 49. Rd6 h5 50. Kc4 Rc7+ 51. Kb3 Rc1 52. Rd2 Rf1 53. Kxb4
Rxf4+ 54. Kc5 Rf1 55. Re2 Rc1+ 56. Kb5 Rc8 57. b4 Rb8+ 58. Kc5 Rc8+ 59. Kd6 Rb8
60. Rb2 Rb5 61. Kc6 Rxe5 62. b5 f5 63. b6 Re8 64. b7 Kf6 65. b8=Q Rxb8 66. Rxb8
f4 67. Rb5 h4 68. h3 Kg6 69. Kd6 Kf6 70. Ra5 1-0

[Event "e2e4 Sunningdale op"]
[Site "Ascot ENG"]
[Date "2013.05.25"]
[Round "2"]
[White "Bonafont, Philip"]
[Black "Gedajlovic, Max"]
[Result "1-0"]
[WhiteElo "2073"]
[BlackElo "1751"]
[PlyCount "91"]
[EventDate "2013.05.24"]
[EventType "swiss"]
[EventRounds "7"]
[EventCountry "ENG"]
[Source "Mark Crowther"]
[SourceDate "2013.05.27"]

1. d4 Nf6 2. Nf3 g6 3. c4 Bg7 4. Nc3 O-O 5. e4 d6 6. Be2 e5 7. O-O Nc6 8. d5
Ne7 9. Ne1 Nd7 10. Be3 f5 11. f3 f4 12. Bf2 g5 13. Rc1 a5 14. Nd3 b6 15. a3 Nf6
16. b4 axb4 17. axb4 Rf7 18. c5 bxc5 19. bxc5 Bf8 20. Nb5 Ng6 21. cxd6 cxd6 22.
Nb4 h5 23. Nc6 Qd7 24. Nca7 Ne8 25. Nxc8 Rxc8 26. Qb3 Rxc1 27. Rxc1 Rg7 28. Kh1
Nh8 29. Qc3 g4 30. Qc6 Qf7 31. Ra1 g3 32. Bg1 gxh2 33. Bxh2 Qg6 34. Bf1 Re7 35.
Ra8 Kg7 36. Rd8 Qf7 37. Nxd6 Nxd6 38. Qxd6 Re8 39. Qb8 Rxd8 40. Qxd8 Qe7 41.
Qc8 Nf7 42. Qc3 Qd6 43. Bxf4 Kf6 44. Be3 Kg6 45. Qc8 Qf6 46. Qxf8 1-0

[Event "e2e4 Sunningdale op"]
[Site "Ascot ENG"]
[Date "2013.05.25"]
[Round "3"]
[White "Gedajlovic, Max"]
[Black "White, D."]
[Result "1-0"]
[WhiteElo "1751"]
[BlackElo "1963"]
[PlyCount "55"]
[EventDate "2013.05.24"]
[EventType "swiss"]
[EventRounds "7"]
[EventCountry "ENG"]
[Source "Mark Crowther"]
[SourceDate "2013.05.27"]

1. d4 Nf6 2. c4 c5 3. d5 b5 4. cxb5 a6 5. bxa6 Bxa6 6. b3 g6 7. Bb2 Bg7 8. g3
d6 9. Bg2 O-O 10. Nh3 Nbd7 11. O-O Nb6 12. Nf4 Rb8 13. Qd2 Qc7 14. Rd1 Rfc8 15.
Nc3 Ng4 16. Bh3 h5 17. Kg2 Re8 18. Bxg4 hxg4 19. Rh1 Bc8 20. h3 e5 21. dxe6
gxh3+ 22. Rxh3 Bxe6 23. Nxe6 Rxe6 24. Rah1 Qc6+ 25. f3 d5 26. Nxd5 Qxd5 27.
Rh8+ Bxh8 28. Rxh8# 1-0

[Event "e2e4 Sunningdale op"]
[Site "Ascot ENG"]
[Date "2013.05.26"]
[Round "4"]
[White "Batchelor, Peter"]
[Black "Gedajlovic, Max"]
[Result "1/2-1/2"]
[WhiteElo "2132"]
[BlackElo "1751"]
[PlyCount "67"]
[EventDate "2013.05.24"]
[EventType "swiss"]
[EventRounds "7"]
[EventCountry "ENG"]
[Source "Mark Crowther"]
[SourceDate "2013.05.27"]

1. d4 Nf6 2. c4 g6 3. Nc3 Bg7 4. g3 O-O 5. Bg2 d6 6. Nf3 Nbd7 7. O-O e5 8. b3
exd4 9. Nxd4 Rb8 10. Bb2 a6 11. Qd2 Re8 12. e4 c5 13. Nc2 b5 14. cxb5 axb5 15.
Qxd6 b4 16. Na4 Nxe4 17. Bxe4 Bxb2 18. Nxb2 Rxe4 19. Rfe1 Rb6 20. Qd3 Rxe1+ 21.
Rxe1 Ba6 22. Qd2 Qc7 23. Qh6 Re6 24. Rxe6 fxe6 25. Qe3 Qe5 26. Qxe5 Nxe5 27.
Ne1 Kf7 28. f4 Nd7 29. Kf2 e5 30. Ke3 Ke6 31. Nf3 exf4+ 32. gxf4 Nf6 33. Na4
Kd6 34. Ng5 1/2-1/2

[Event "e2e4 Sunningdale op"]
[Site "Ascot ENG"]
[Date "2013.05.26"]
[Round "5"]
[White "Gedajlovic, Max"]
[Black "Lunn, Matthew"]
[Result "1/2-1/2"]
[WhiteElo "1751"]
[BlackElo "2004"]
[PlyCount "98"]
[EventDate "2013.05.24"]
[EventType "swiss"]
[EventRounds "7"]
[EventCountry "ENG"]
[Source "Mark Crowther"]
[SourceDate "2013.05.27"]

1. d4 Nf6 2. c4 g6 3. f3 Bg7 4. e4 d6 5. Nc3 O-O 6. Be3 c5 7. Nge2 Nc6 8. Qd2
Qa5 9. O-O-O a6 10. Kb1 b5 11. dxc5 dxc5 12. Nd5 Qxd2 13. Rxd2 Nd7 14. Nec3
bxc4 15. Bxc4 e6 16. Nf4 Rb8 17. Rc1 Nb6 18. Bf1 Nd4 19. Nd1 Na4 20. Ne2 Rb4
21. Nec3 Bd7 22. Nxa4 Bxa4 23. Rc4 Rxc4 24. Bxc4 a5 25. Nf2 Rc8 26. Nd3 h5 27.
b3 Bb5 28. Bxd4 Bxc4 29. Bxg7 Bxd3+ 30. Rxd3 Kxg7 31. Rc3 Kf6 32. Kc2 Ke5 33.
Rc4 Kd6 34. a3 Kc6 35. Kd2 Rd8+ 36. Ke2 Kb5 37. a4+ Kc6 38. Rc3 e5 39. Rd3 Rd4
40. Rc3 f5 41. Rc4 Kd6 42. h3 f4 43. h4 Rxc4 44. bxc4 Ke6 45. Kf2 Kf6 46. Kg1
g5 47. Kh2 gxh4 48. Kh3 Kg5 49. Kh2 Kf6 1/2-1/2

[Event "e2e4 Sunningdale op"]
[Site "Ascot ENG"]
[Date "2013.05.27"]
[Round "6"]
[White "Roberts, David L"]
[Black "Gedajlovic, Max"]
[Result "1/2-1/2"]
[WhiteElo "2066"]
[BlackElo "1751"]
[PlyCount "83"]
[EventDate "2013.05.24"]
[EventType "swiss"]
[EventRounds "7"]
[EventCountry "ENG"]
[Source "ChessBase"]
[SourceDate "2013.06.25"]

1. e4 c5 2. Nf3 d6 3. d4 cxd4 4. Nxd4 Nf6 5. Nc3 g6 6. Be3 Bg7 7. f3 O-O 8. Qd2
Nc6 9. Bc4 Bd7 10. O-O-O Rb8 11. Bb3 Na5 12. Bh6 Bxh6 13. Qxh6 b5 14. h4 e5 15.
Nde2 Nxb3+ 16. axb3 b4 17. Nd5 Nxd5 18. Rxd5 Be6 19. Rd2 Qa5 20. Kd1 Rfc8 21.
Nc1 Qc7 22. h5 d5 23. hxg6 fxg6 24. Qg5 dxe4 25. fxe4 Rd8 26. Nd3 Qa5 27. Rf1
Rbc8 28. Rf6 Qa6 29. g3 Bg4+ 30. Ke1 Qa1+ 31. Kf2 Rf8 32. Nxe5 Bh3 33. Nf3 Qf1+
34. Ke3 Rxf6 35. Qxf6 Rf8 36. Rd8 Qc1+ 37. Nd2 Qg1+ 38. Kd3 Qxg3+ 39. Nf3 Rxd8+
40. Qxd8+ Kg7 41. Qe7+ Kh6 42. Ke3 1/2-1/2

[Event "e2e4 Sunningdale op"]
[Site "Ascot ENG"]
[Date "2013.05.27"]
[Round "7"]
[White "Gedajlovic, Max"]
[Black "Sara, Valerio"]
[Result "1/2-1/2"]
[WhiteElo "1751"]
[BlackElo "2048"]
[PlyCount "115"]
[EventDate "2013.05.24"]
[EventType "swiss"]
[EventRounds "7"]
[EventCountry "ENG"]
[Source "Mark Crowther"]
[SourceDate "2013.05.27"]

1. d4 d5 2. c4 c6 3. Nf3 Nf6 4. Nc3 a6 5. c5 Nbd7 6. Bf4 Nh5 7. e3 g6 8. Bd3
Bg7 9. O-O O-O 10. Bg5 Re8 11. e4 dxe4 12. Nxe4 Nhf6 13. Nc3 Nf8 14. h3 Be6 15.
a3 N8d7 16. Re1 Qc7 17. Qd2 Rad8 18. Bf4 Qc8 19. Qc2 Bd5 20. Nxd5 Nxd5 21. Bh2
N7f6 22. Rab1 Nc7 23. Bc4 Nfd5 24. Rbd1 Ne6 25. Qe4 Nec7 26. Ne5 Rf8 27. Nf3
Rfe8 28. Qh4 Nf6 29. Be5 Ncd5 30. Ng5 h6 31. Nf3 Qf5 32. Bd3 Qh5 33. Qg3 g5 34.
Nh2 Nd7 35. Bxg7 Kxg7 36. Be2 Qg6 37. Qb3 Rb8 38. Bf3 N7f6 39. Ng4 Nxg4 40.
hxg4 Red8 41. Bxd5 Rxd5 42. Rxe7 Qf6 43. Rxb7 Rbd8 44. Re1 R8d7 45. Rxd7 Rxd7
46. Rd1 Rxd4 47. Rxd4 Qxd4 48. Qc2 Qxg4 49. b4 h5 50. Qc3+ f6 51. f3 Qg3 52.
Qe3 h4 53. Qe6 Qf4 54. Qe7+ Kh6 55. Qf8+ Kh7 56. Qe7+ Kh6 57. Qf8+ Kh7 58. Qe7+
1/2-1/2

[Event "Paul Keres mem  (38th)"]
[Site "Richmond CAN"]
[Date "2013.05.18"]
[Round "1.8"]
[White "Wu, Howard"]
[Black "Gedajlovic, Max"]
[Result "1-0"]
[WhiteElo "2255"]
[BlackElo "1922"]
[PlyCount "91"]
[EventDate "2013.05.18"]
[EventType "swiss"]
[EventRounds "6"]
[EventCountry "CAN"]

1. e4 c5 2. Nf3 d6 3. d4 cxd4 4. Nxd4 Nf6 5. Nc3 g6 6. Be2 Bg7 7. O-O O-O 8.
Nb3 Nc6 9. Bg5 Be6 10. Kh1 Rc8 11. f4 Na5 12. e5 Nxb3 13. axb3 dxe5 14. Qxd8
Rfxd8 15. fxe5 Nd5 16. Rxa7 Nxc3 17. bxc3 Rxc3 18. Bxe7 Rdc8 19. Bd3 Bxb3 20.
Rxb7 Bxc2 21. Bxc2 Rxc2 22. Bd6 Re2 23. h4 Bxe5 24. Bxe5 Rxe5 25. Rfxf7 Rh5 26.
g3 Rf8 27. Rg7+ Kh8 28. Kg2 Rg8 29. Rgc7 Ra8 30. Kh3 Rd8 31. g4 Rh6 32. Kg3 Rf8
33. Ra7 Rg8 34. Rf7 Re8 35. Rad7 Rc8 36. h5 Kg8 37. Rg7+ Kh8 38. Kf4 gxh5 39.
g5 Rhc6 40. Rxh7+ Kg8 41. Rhg7+ Kf8 42. g6 Rf6+ 43. Kg5 Rcc6 44. Kh6 Rc8 45.
Kh7 Ke8 46. Rge7+ 1-0

[Event "Grand Pacific op"]
[Site "Victoria CAN"]
[Date "2013.03.29"]
[Round "1.3"]
[White "Villavieja, Butch"]
[Black "Gedajlovic, Max"]
[Result "1-0"]
[WhiteElo "2294"]
[BlackElo "1892"]
[PlyCount "67"]
[EventDate "2013.03.29"]
[EventType "swiss"]
[EventRounds "6"]
[EventCountry "CAN"]

1. e4 c5 2. Nf3 d6 3. d4 cxd4 4. Qxd4 a6 5. c4 Nc6 6. Qd2 g6 7. Nc3 Bg7 8. Be2
Bg4 9. O-O Nf6 10. h3 Bxf3 11. Bxf3 O-O 12. b3 Rc8 13. Bb2 Qa5 14. Rfd1 b5 15.
cxb5 axb5 16. a4 bxa4 17. bxa4 Rb8 18. Nb5 Rfc8 19. Bc3 Qb6 20. g3 Nd7 21. Bxg7
Kxg7 22. Bg2 Nc5 23. Rdb1 Qa5 24. Qd1 Rb6 25. Kh2 Rcb8 26. f4 Ra6 27. Rc1 Qb4
28. e5 Rbb6 29. Nc7 Nd4 30. Nd5 Qb2 31. Nxb6 Ne4 32. Ra2 Qxa2 33. Qxd4 Qa3 34.
exd6+ 1-0

[Event "British Columbia op"]
[Site "Richmond CAN"]
[Date "2013.02.09"]
[Round "1.6"]
[White "Sanetullaev, Alisher"]
[Black "Gedajlovic, Max"]
[Result "1-0"]
[WhiteElo "2169"]
[BlackElo "1789"]
[PlyCount "73"]
[EventDate "2013.02.09"]
[EventType "swiss"]
[EventRounds "5"]
[EventCountry "CAN"]

1. e4 c5 2. Nf3 d6 3. d4 cxd4 4. Nxd4 Nf6 5. Nc3 g6 6. Be3 Bg7 7. f3 O-O 8. Qd2
Nc6 9. Bc4 Bd7 10. O-O-O Rb8 11. h4 Na5 12. Bb3 b5 13. Bh6 Nc4 14. Qg5 Bxh6 15.
Qxh6 Qc7 16. h5 e5 17. hxg6 fxg6 18. Nd5 Qd8 19. Nxf6+ Rxf6 20. Qxh7+ Kf8 21.
Ne2 Be6 22. Nc3 Qb6 23. Qh8+ Ke7 24. Rh7+ Rf7 25. Rxf7+ Bxf7 26. Qh7 Kf8 27.
Kb1 Rb7 28. Qh6+ Ke8 29. Qg5 b4 30. Ba4+ Kf8 31. Qh6+ Ke7 32. Qh4+ Kf8 33. Qh8+
Ke7 34. Nd5+ Bxd5 35. exd5 Na3+ 36. Ka1 Nb5 37. Rh1 1-0

[Event "British Columbia op"]
[Site "Richmond CAN"]
[Date "2013.02.10"]
[Round "3.12"]
[White "Dimitrijevic, Darko"]
[Black "Gedajlovic, Max"]
[Result "1-0"]
[WhiteElo "2027"]
[BlackElo "1789"]
[PlyCount "81"]
[EventDate "2013.02.09"]
[EventType "swiss"]
[EventRounds "5"]
[EventCountry "CAN"]

1. e4 c5 2. c3 g6 3. Bc4 Bg7 4. Nf3 e6 5. Qe2 Ne7 6. d3 O-O 7. Bg5 Nbc6 8. a4
Qc7 9. O-O d5 10. Ba2 b6 11. Na3 a6 12. Rac1 dxe4 13. dxe4 Bb7 14. Qe3 Rfd8 15.
Bh6 Ne5 16. Bf4 Nxf3+ 17. gxf3 Qd7 18. Bb3 e5 19. Bg5 h6 20. Rcd1 Qc7 21. Bxh6
Bxh6 22. Qxh6 Rd6 23. Qg5 Rxd1 24. Rxd1 Kg7 25. Qd2 Bc6 26. Qd6 Qxd6 27. Rxd6
b5 28. Bd5 Bxd5 29. exd5 b4 30. Nc4 Rb8 31. Nxe5 bxc3 32. bxc3 Rb1+ 33. Kg2 Rd1
34. c4 Nf5 35. Rd7 Nh4+ 36. Kh3 g5 37. Rxf7+ Kh6 38. f4 a5 39. fxg5+ Kxg5 40.
f4+ Kh6 41. Kxh4 1-0